Statistics for Ordres de grandeurs

Click here to take the quiz!

General Stats

  • This quiz has been taken 55 times
  • The average score is 13 of 20

Answer Stats

Ordre de grandeur Symbole Préfixe % Correct
x 10^6MMéga -
98%
x 10^-1dDéci -
98%
x 10^9GGiga -
98%
x 10^3kKilo -
96%
x 10^-2cCenti -
96%
x 10^-6μMicro -
94%
x 10^-3mMilli -
94%
x 10^2hHecto -
94%
x 10^1daDéca -
94%
x 10^12TTéra -
85%
x 10^-9nNano -
70%
x 10^-12pPico -
45%
x 10^15PPéta -
43%
x 10^21ZZetta -
32%
x 10^24YYotta -
30%
x 10^-15fFemto -
23%
x 10^18EExa -
17%
x 10^-21zZepto -
13%
x 10^-18aAtto -
11%
x 10^-24yYocto -
%

Score Distribution

Percentile by Number Answered

Percent of People with Each Score

Your Score History

You have not taken this quiz